Statistiken für Länder mit dem höchsten durchschnittlichen IQ

Klicken Sie hier um das Quiz zu spielen!

Allgemein

  • Dieses Quiz wurde 342 mal gespielt
  • Das Durchschnittsergebnis liegt bei 20 aus 28

Antwortstatistiken

Durchschnittlicher IQ
Land% Korrekt
100Deutschland
99%
98Vereinigte Staaten
95%
104China
93%
105Japan
92%
99Schweden
90%
98
Frankreich
86%
99
Norwegen
86%
97Spanien
86%
101Finnland
85%
101Kanada
85%
102Schweiz
83%
100
Österreich
81%
97Italien
80%
102Niederlande
78%
106Südkorea
77%
100Vereinigtes Königreich
77%
99Danemark
76%
100Belgien
74%
99Australien
69%
101Island
69%
99Luxemburg
65%
100
Neuseeland
58%
108Singapur
49%
99Tschechien
48%
99Estland
45%
106Taiwan
43%
98Ungarn
42%
102Nord Korea
35%

Verteilung der Resultate

Perzentil nach korrekt beantworteten Fragen

Anzahl Personen mit jedem Resultat

Ihre Resultats-Entwicklung

Sie haben dieses Quiz noch nicht gespielt